Banky na Slovensku: kde sídlia ich centrály?

Pohľad na architektúru a lokáciu bratislavských bánk: Slovenská sporiteľňa, Všeobecná úverová banka, Tatra banka, ČSOB, UniCredit Bank, OTB Banka Slovensko, mBank a Poštová banka.

Salvato in:
Dettagli Bibliografici
Natura: Capitolo di libro
Lingua:slovacco
Soggetti:
Tags: Aggiungi Tag
Nessun Tag, puoi essere il primo ad aggiungerne!!

MARC

LEADER 00000naa a2200000 4500
001 0236955
005 20221104110326.4
041 0 |a slo 
044 |a CZ 
245 1 0 |a Banky na Slovensku: kde sídlia ich centrály? 
520 |a Pohľad na architektúru a lokáciu bratislavských bánk: Slovenská sporiteľňa, Všeobecná úverová banka, Tatra banka, ČSOB, UniCredit Bank, OTB Banka Slovensko, mBank a Poštová banka. 
610 2 0 |a banky 
610 2 0 |a Slovensko 
610 2 0 |a architektúra 
610 2 0 |a banky centrálne